[Event "San Francisco TNM Fall op"]
[Site "San Francisco"]
[Date "2013.11.05"]
[Round "3"]
[White "James, Charles"]
[Black "Ross, David Y"]
[Result "0-1"]
[WhiteElo "1592"]
[BlackElo "1136"]
[PlyCount "62"]
[EventDate "2013.10.22"]
[EventType "swiss"]
[EventRounds "9"]
[EventCountry "USA"]
[SourceTitle "EXT 2016"]
[Source "ChessBase"]
[SourceDate "2015.10.08"]
[SourceVersion "1"]
[SourceVersionDate "2015.10.08"]
[SourceQuality "1"]

1. d4 Nf6 2. c4 g6 3. Nc3 Bg7 4. e4 d6 5. f3 0-0 6. Be3 c5 7. dxc5 dxc5 8. Bxc5 Nfd7 9. Ba3 Nc6 10. Nge2 Nb6 11. b3 Qc7 12. Nb5 Qe5 13. Rb1 Rd8 14. Qc2 a6 15. f4 Qf6 16. Nc7 Rb8 17. c5 Nd4 18. Nxd4 Qxd4 19. cxb6 Qxb6 20. Nd5 Rxd5 21. exd5 Qa5+ 22. Kd1 Bf5 23. Qc5 Qxc5 24. Bxc5 Bxb1 25. a3 Be4 26. d6 exd6 27. Bb6 d5 28. Rg1 Rc8 29. g3 Rc3 30. Bh3 Rxb3 31. Bc5 Rb1+ 0-1

[Event "San Francisco Neil Falconer op"]
[Site "San Francisco"]
[Date "2013.09.24"]
[Round "8"]
[White "Bayaraa, Chinguun"]
[Black "Ross, David Y"]
[Result "1-0"]
[WhiteElo "1729"]
[BlackElo "1075"]
[PlyCount "107"]
[EventDate "2013.08.06"]
[EventType "swiss"]
[EventRounds "9"]
[EventCountry "USA"]
[SourceTitle "EXT 2016"]
[Source "ChessBase"]
[SourceDate "2015.10.08"]
[SourceVersion "1"]
[SourceVersionDate "2015.10.08"]
[SourceQuality "1"]

1. d4 Nf6 2. c4 g6 3. Nc3 Bg7 4. e4 d6 5. h3 0-0 6. Nf3 e5 7. d5 Na6 8. Be3 Nd7 9. a3 f5 10. Bd3 fxe4 11. Nxe4 Nf6 12. 0-0 Bf5 13. Bg5 Bxe4 14. Bxe4 h6 15. Bxf6 Qxf6 16. Qc2 Kh7 17. b4 c5 18. b5 Nc7 19. Nh2 a6 20. b6 Ne8 21. Ng4 Qf7 22. Rae1 h5 23. Nh2 Nf6 24. Bd3 Rae8 25. Nf3 Bh6 26. Kh1 Rg8 27. Ng1 Qe7 28. Be4 Nxe4 29. Qxe4 Qd8 30. Rb1 Ref8 31. Ne2 Rf6 32. Ng3 Rf4 33. Qc2 Kh8 34. a4 Qh4 35. Rbc1 Rd4 36. Rce1 Rxc4 37. Qe2 Rxa4 38. Ne4 Rxe4 39. Qxe4 Qxe4 40. Rxe4 Rc8 41. Rc4 Kg7 42. g3 Kf6 43. f3 Be3 44. Kg2 Bd2 45. Rd1 Ba5 46. Rb1 Re8 47. Kf2 Bd2 48. Ke2 Bh6 49. Kd3 a5 50. Ra4 Ra8 51. Rb5 Ke7 52. Raxa5 Rxa5 53. Rxa5 Kd7 54. Ra7 1-0

[Event "San Francisco Neil Falconer op"]
[Site "San Francisco"]
[Date "2013.08.13"]
[Round "2"]
[White "Andries, Craig"]
[Black "Ross, David Y"]
[Result "1-0"]
[WhiteElo "1956"]
[BlackElo "1075"]
[PlyCount "49"]
[EventDate "2013.08.06"]
[EventType "swiss"]
[EventRounds "9"]
[EventCountry "USA"]
[SourceTitle "EXT 2016"]
[Source "ChessBase"]
[SourceDate "2015.10.08"]
[SourceVersion "1"]
[SourceVersionDate "2015.10.08"]
[SourceQuality "1"]

1. Nf3 Nc6 2. d3 e5 3. e4 Nf6 4. g3 Bc5 5. Bg2 d6 6. c3 0-0 7. 0-0 Be6 8. h3 h6 9. Kh2 a5 10. d4 Bc4 11. dxc5 Bxf1 12. Bxf1 Nxe4 13. Be3 Nxc5 14. Bxc5 dxc5 15. Nbd2 Qf6 16. Ne4 Qf5 17. Qe2 Rfd8 18. Nh4 Qc8 19. Qf3 Rf8 20. Nf5 Kh7 21. Bd3 g6 22. Nf6+ Kh8 23. Nxh6 Qe6 24. Nhg4 Rad8 25. Qe3 1-0